Non-Country Flags - Statistics

General Stats
  • This quiz has been taken 66 times
  • The average score is 23 of 45
Answer Stats
Picture Answer % Correct
Greenland
94%
Faroe Islands
91%
American Samoa
87%
Northern Ireland
83%
Isle of Man
79%
New Caledonia
79%
US Virgin Islands
79%
Macau
77%
Tibet
75%
Guernsey
72%
Arizona
70%
Martinique
70%
Somaliland
70%
Western Sahara
70%
Aland
68%
Tokelau
68%
Basque Country
66%
Corsica
66%
Kurdistan
66%
British Indian Ocean Territory
64%
Northern Cyprus
64%
Wake Island
62%
South Ossetia
58%
Wallis and Futuna
57%
Flanders
55%
Wallonia
55%
Azores
49%
Brittany
49%
Nova Scotia
43%
Sao Paulo
40%
Tasmania
38%
Newfoundland and Labrador
32%
Tristan da Cunha
30%
Dubai
28%
Lombardy
28%
District of Columbia
25%
Netherlands Antilles
25%
Navassa
19%
German Community in Belgium
11%
Magallanes
11%
Seborga
11%
Tigray Region
11%
Flemish Brabant
9%
Flevoland
8%
Saarland
8%
No matching quizzes found
Score Distribution
Percent of People with Each Score
Percentile by Number Answered
Your Score History
You have not taken this quiz